The language of the Gods in the world of men : (Record no. 30751)
[ view plain ]
| 000 -LEADER | |
|---|---|
| fixed length control field | 01069naa a2200253 4500 |
| 005 - DATE AND TIME OF LATEST TRANSACTION | |
| control field | 20091003111334.0 |
| 008 - FIXED-LENGTH DATA ELEMENTS--GENERAL INFORMATION | |
| fixed length control field | 090520t xxu||||| |||| 00| 0 eng d |
| 010 ## - LCCN (DPL NO) | |
| LC control number | B-359169 |
| 020 ## - INTERNATIONAL STANDARD BOOK NUMBER | |
| Terms of availability | 695.00 |
| International Standard Book Number | 8175242753 |
| 020 ## - INTERNATIONAL STANDARD BOOK NUMBER | |
| Terms of availability | 695.00 |
| International Standard Book Number | 9788178242750 |
| 035 ## - SYSTEM CONTROL NUMBER | |
| System control number | B-359169 |
| 037 ## - SOURCE OF ACQUISITION | |
| Source of stock number/acquisition | Pansy Books |
| 040 ## - CATALOGING SOURCE | |
| Original cataloging agency | dpl |
| Language of cataloging | English |
| 082 ## - DEWEY DECIMAL CLASSIFICATION NUMBER | |
| Classification number | 811 |
| 100 ## - MAIN ENTRY--PERSONAL NAME | |
| Personal name | Pollock, Sheldon |
| 245 ## - TITLE STATEMENT | |
| Title | The language of the Gods in the world of men : |
| Statement of responsibility, etc | by Sheldon Polock |
| Remainder of title | Sanskrit, culture, and power in premodern India / |
| 260 ## - PUBLICATION, DISTRIBUTION, ETC. (IMPRINT) | |
| Place of publication, distribution, etc | Delhi |
| Name of publisher, distributor, etc | Permanent Black |
| Date of publication, distribution, etc | 2009 |
| 270 ## - ADDRESS | |
| Address | D-28, Oxford Apartments, 11, I. P. Extension |
| City | Delhi |
| Postal code | 110 092 |
| 300 ## - PHYSICAL DESCRIPTION | |
| Extent | xiv, 684 p. |
| Dimensions | 23cm(Hb) |
| 500 ## - GENERAL NOTE | |
| General note | Includes bibliographical refrences and index |
| 942 ## - ADDED ENTRY ELEMENTS (KOHA) | |
| Institution code [OBSOLETE] | dpl |
| Item type | English Books |
| Source of classification or shelving scheme | Dewey Decimal Classification |
| Classification part | 811 |
| Call number suffix | POL |
| Withdrawn status | Lost status | Source of classification or shelving scheme | Damaged status | Not for loan | Collection code | Home library | Current library | Date acquired | Source of acquisition | Cost, normal purchase price | Total Checkouts | Full call number | Barcode | Date last seen | Copy number | Cost, replacement price | Koha item type |
|---|---|---|---|---|---|---|---|---|---|---|---|---|---|---|---|---|---|
| Dewey Decimal Classification | Non-fiction | Janak Puri | Janak Puri | 03/10/2009 | Pansy Books/942/29.9.09/92/4.9.09/29.9.09 | 695.00 | 3 | 811 POL | B-359169 | 06/03/2012 | 1 | 695.00 | English Books |
